Milan Squad 24/25 - Statistics

General Stats
  • This quiz has been taken 119 times
    37 since last reset
  • The average score is 18 of 26
Answer Stats
# Nation Former Club Answer % Correct
11 USA Dortmund Christian Pulisic
100%
10 Portugal Lille Rafael Leao
97%
8 England Chelsea Ruben Loftus-Cheek
97%
14 Netherlands AZ Tijjani Reijnders
97%
32 England Man City Kyle Walker
91%
7 Mexico Feyenoord Santiago Gimenez
91%
23 England Chelsea Fikayo Tomori
88%
21 Nigeria Villarreal Samuel Chukwueze
84%
90 England Roma Tammy Abraham
84%
80 USA Valencia Yunus Musah
84%
9 Serbia Fiorentina Luka Jovic
81%
16 France Lille Mike Maignan
81%
19 France Real Madrid Theo Hernandez
81%
22 Brazil Spurs Emerson Royal
78%
28 Germany Schalke Malick Thiaw
78%
31 Serbia Salzburg Strahinja Pavlovic
75%
79 Portugal Chelsea Joao Felix
72%
29 France Monaco Youssouf Fofana
63%
46 Italy Youth Mateo Gabbia
56%
24 Italy AS Roma Alessandro Florenzi
53%
20 Spain Real Madrid Alex Jimenez
50%
42 Italy Hellas Verona Filippo Terracciano
44%
99 Italy Fiorentina Riccardo Sottil
34%
38 France Monza Warren Bondo
31%
57 Italy Atalanta Marco Sportiello
28%
55 Netherlands Ajax Silvano Vos
3%
No matching quizzes found
Score Distribution
Percent of People with Each Score
Percentile by Number Answered
Your Score History
You have not taken this quiz since the last reset